00440nam a2200193Ia 4500008004100000020001400041050001400055100001800069245001600087245002500103245001800128260001500146260001600161260000900177300001500186300002700201300001000228500000800238170918s9999 xx 000 0 und d a590068393 bL797 1969 aLobel, Arnold aSmall pig : ban I can read book / cArnold Lobel. aNew York : bScholastic, c1969 a63 pages : bcolored illustration ; c22cm. a440